01071 a2200217 45000010006000000050017000060080041000230030015000640400040000790800020001192450105001390200018002442640039002623000019003015050362003200410008006821000017006907000022007077000025007298560099007544555820260407155728.0260407a2002 arg spa dAR-UNSa-BCEJYS aAR-UNSa-BCEJYSbspacAR-UNSa-BCEJYS a330.14xCapital10aEl misterio del capitalpPor que el capitalismo triunfa en Occidente y fracasa en el resto del mundo a950-07-2238-0 1aBuenos Aires :bSudamericanac2002 a254 p.c23 cm. a1. Los cinco misterios del capital - 2. El misterio de la información ausente - 3. El misterio del capital - 4. El misterio de la conciencia política - 5. Las lecciones no aprendidas de la historia de los Estados Unidos - 6. El misterio del fracaso legal: Por qué las leyes de propiedad no funcionan fuera de occidente - 7. A manera de conclusión -  aspa1 aLauer, Mirko1 aSoto, Hernando de1 aMc Lauchlan, Jessica41uhttps://www.biblioeco.unsa.edu.ar/pmb/images/libros/L127141.jpgyImagen de portadaqimage/jpeg